Appendix to the statement presented on behalf of Chile in reply to the Argentine report submitted to the tribunal constituted by H. B. Majesty's government acting as arbitrator in pursuance of the agreement dated April, 17, 1896

Saved in:
Bibliographic Details
Format: Book
Language:English
Published: Londres Butler and Tanner 1902
Subjects:
Tags: Add Tag
No Tags, Be the first to tag this record!

MARC

LEADER 00000cam a2200000 a 4500
001 UCF7097
003 CL-VaPUC
008 130606e19020000UK |||||||||||||||||eng|d
082 0 4 |a 341.420983  |b APP  |2 21 
245 1 0 |a Appendix to the statement presented on behalf of Chile in reply to the Argentine report submitted to the tribunal constituted by H. B. Majesty's government acting as arbitrator in pursuance of the agreement dated April, 17, 1896 
300 |a v 
942 |c BK 
945 |d 20130606 00:00:00  |a dcastane 
260 |a Londres  |b Butler and Tanner  |c 1902 
500 |a v.1: 1-60 
500 |a v.2: 61-139 
650 0 |a Territorio  |9 378883 
650 0 |a Límites   |9 255439 
650 0 |a Límites con Argentina  |9 504170 
650 0 |a Fronteras  |9 338773 
650 0 |a Tratados internacionales   |9 256056 
583 |a last modification  |c 20130606 11:56:00  |k Rodrigo Vera 
999 |c 352016  |d 352014 
952 |0 0  |1 0  |4 0  |6 341_420983000000000_APP_1902  |7 0  |8 X  |9 456504  |a FDOBUD  |b FDOBUD  |d 2019-11-22  |h v.1  |i 4862090  |o 341.420983 APP 1902  |p 4862090  |r 2019-11-22  |w 2019-11-22  |y BK_X  |k BUD 
952 |0 0  |1 0  |4 0  |6 341_420983000000000_APP_1902  |7 0  |8 X  |9 456505  |a FDOBUD  |b FDOBUD  |d 2019-11-22  |h v.2  |i 4862112  |o 341.420983 APP 1902  |p 4862112  |r 2019-11-22  |w 2019-11-22  |y BK_X  |k BUD